Algerian EPL Goalscorers Quiz Stats

 Plays Quiz not verified by Sporcle

Challenge
Share
Tweet
Embed
Score 0/10 Timer 03:00
0 Plays Today
Goals Player % Correct
26Riyad Mahrez
91.7%
7Islam Slimani
71.4%
4Nadir Belhadj
58.8%
2Hassan Yebda
43%
6Hameur Bouazza
39.5%
2Sofiane Feghouli
33.3%
3Ali Bernarbia
28.1%
2Adlene Guedioura
22.8%
1Kamel Ghilas
15.8%
1Moussa Saib
14.9%

You're not logged in!

Compare scores with friends on all Sporcle quizzes.
Join for Free
OR
Log In

You Might Also Like...

Show Comments

Extras

Top Quizzes Today


Score Distribution

Your Account Isn't Verified!

In order to create a playlist on Sporcle, you need to verify the email address you used during registration. Go to your Sporcle Settings to finish the process.

Report this User

Report this user for behavior that violates our Community Guidelines.

Details: